000 00928nam a22002417a 4500
003 BUBTL
008 220925b ||||| |||| 00| 0 eng d
020 _a9781107007529
082 _a621.38418/ J6131s/ 2011
100 _94717
_aJohnson, C. Richard
245 _aSoftware receiver design :
_b build your own digital communication system in five easy steps /
_c C. Richard Johnson, William A. Sethares, Andrew G. Klein
250 _a1st Edn.
260 _aUnited Kingdom:
_bCambridge University press,
_cc2011
300 _axiv, 465 p.:
_bills.;
_c25 cm.
500 _aIncludes Index
505 _aSoftware receiver design, C. Richard Johnson, William A. Sethares, Andrew G. Klein
650 0 _94295
_aElectrical and Electronic Engineering
700 _94718
_aSethares, William A.
700 _94719
_aKlein, Andrew G.
856 _k0
_l0
_yDownload
942 _2ddc
_cBK
999 _c6743
_d6743